000 00566nam a2200217Ia 4500
005 20251122104920.0
008 230125s9999 xx 000 0 und d
020 _a9780749442408
041 _aeng
082 _a158.1
_bYEU
100 _aYeung R
_9215498
245 _aThe Ultimate Career Success Workbook
250 _a1st Ed.
260 _c2004
_bKogan Page
_aNew Delhi
300 _a200p
500 _aPersonality Development
650 _aPersonality Development;Career Management
_9215490
700 _aYeung R
_9215498
906 _b82.6
942 _cBK
999 _c96404
_d96404